| 000 | 00893nam a22002417a 4500 | ||
|---|---|---|---|
| 999 |
_c2184 _d2184 |
||
| 003 | AR-CdUCM | ||
| 008 | 190304b ||||| |||| 00| 0 spa d | ||
| 020 | _a954-15-0953-2 | ||
| 040 |
_aMUNICIPALIDAD PROVINCIAL DEL CUSCO _cBIBLIOTECA MUNICIPAL DEL CUSCO |
||
| 041 | _hrus | ||
| 082 |
_a335.409 / _bB916 |
||
| 100 |
_aBrzezinski, Zbignie _97878 |
||
| 245 |
_aEl gran fracaso : _bNacimiento y muerte del Comunismo en el siglo veinte / |
||
| 260 |
_aBuenos Aires : _bJavier Vergara Editor, _c1989. |
||
| 300 |
_a314 paginas ; _bDiagramas, _c22 cm. |
||
| 505 | _ael legado Leninista -- La catástrofe Estalinista -- La desunión Soviética -- Las diez dinámicas de la desunión -- Rechazo orgánico... | ||
| 650 |
_aLa Union Sovietica _97879 |
||
| 650 |
_aComunismo _9495 |
||
| 650 |
_aSiglo XX _98 |
||
| 700 |
_aMazía, Floreal (Traductora) _97880 |
||
| 942 |
_2ddc _cLIBROS |
||
| 945 | _awnts | ||